000 00460nam a22001817a 4500
003 CEME
005 20210628202834.0
008 210118b xxu||||| |||| 00| 0 eng d
020 _a0-7637-3426-8
040 _c.
082 _a515.15 OCO
100 _aO'connor, Kevin M
_961892
245 _aCalculus, labs for matlab
260 _aNEW YORK
_bJONES AND BARTLETT
_c2005
300 _a120 P
650 _aCALCULUS LABS FOR MATLAB.
_961893
942 _cBK
_2ddc
999 _c571186
_d571186